000 00592nam a22002297a 4500
003 UA-OsUOA
001 48273
007 ta
008 20070903b un ||||| |||| 00| 0 ukr d
100 _aОмельяненко Ю.І.
090 _a82,09
_bО-57
942 _cBK
040 _aUA-OsUOA
_bukr
_cUA-OsUOA
_dUA-OsUOA
245 _aШляхи мої довгі телевізійні
300 _a359 с.
955 _a2
041 _aukr
080 _a82,09
260 _aК.
_c2006
650 7 _a82 Література. Літературознавство
_2UDC
999 _c334374
_d334374